000 00780naa a2200205 4500
001 45678
003 ES-MaCES
005 20150217104309.0
008 000000s2014 sp ||||| t||||||| ||spa d
040 _aES-MaCES
_bspa
_cES-MaCES
100 1 _922866
_aRuiz-Huerta Carbonell, Jesús
245 1 4 _aLos Pactos de la Moncloa: experiencia de pacto fiscal en España
_cJesús Ruiz-Huerta
650 4 _928082
_apolítica fiscal
650 4 _928091
_areforma tributaria
650 4 _926964
_aEspaña
653 1 0 _aFiscalidad
773 0 _982173
_dMadrid (Padilla, 6, 28006) Estudios de Política Exterior 1997-
_o085077
_tEconomía exterior
_w(ES-MaCES)25630
_gn. 70 (otoño 2014) {10625 R. 085077} ;p. 75-82
902 _aART Artículo de revista
942 _2CES
_cAR
_h0.1.
999 _c45678
_d45678